সবগুলোই পরীর গল্প / (Record no. 221)
[ view plain ]
| 000 -LEADER | |
|---|---|
| fixed length control field | 00732nam a2200217 a 4500 |
| 001 - CONTROL NUMBER | |
| JCCL Control Number | 221 |
| 003 - CONTROL NUMBER IDENTIFIER | |
| JCCL marc code | BD-JhCC |
| 005 - DATE AND TIME OF LATEST TRANSACTION | |
| control field | 20171008115704.0 |
| 008 - FIXED-LENGTH DATA ELEMENTS--GENERAL INFORMATION | |
| fixed length control field | 171002s20072008bg |||| ||a| 000 0 ben d |
| 035 ## - SYSTEM CONTROL NUMBER | |
| system control number | (BD-JhCC)221 |
| 040 ## - CATALOGING SOURCE | |
| Original cataloging agency | BD-JhCC |
| Modifying agency | BD-JhCC |
| 041 ## - LANGUAGE CODE | |
| Language code of Book | Ben |
| 082 ## - DEWEY DECIMAL CLASSIFICATION NUMBER | |
| Classification number | 891.4435 |
| Author mark and Year | IQB 2007 |
| DDC Edition number | 23 |
| 245 ## - TITLE STATEMENT | |
| Title | সবগুলোই পরীর গল্প / |
| Statement of responsibility, etc | মোহাম্মদ জাফর ইকবাল |
| 260 ## - PUBLICATION, DISTRIBUTION, ETC. (IMPRINT) | |
| Place of publication, distribution, etc | ঢাকাঃ |
| Name of publisher, distributor, etc | ন্যানাল পাবলিকেশন প্রকাশনী, |
| Date of publication, distribution, etc | ২০০৭ |
| 300 ## - PHYSICAL DESCRIPTION | |
| Pagination | ৮০ পৃ.: |
| Dimensions | 21 Cm. |
| 651 ## - SUBJECT ADDED ENTRY--GEOGRAPHIC NAME | |
| Geographic name | Bangladesh |
| General subdivision | Short stories |
| 700 ## - ADDED ENTRY--PERSONAL NAME | |
| Personal name | ইকবাল,জাফর মোহাম্মদ |
| 942 ## - ADDED ENTRY ELEMENTS (KOHA) | |
| Source of classification or shelving scheme | Dewey Decimal Classification |
| Koha item type | Books |
| Source of classification or shelving scheme | Damaged status | Not for loan | Home library | Current library | Shelving location | Date of accession | Source of acquisition | Cost, normal purchase price | Total Checkouts | Full call number | Barcode | Date last seen | Copy number | Koha item type |
|---|---|---|---|---|---|---|---|---|---|---|---|---|---|---|
| Dewey Decimal Classification | JCC Rouf Library | JCC Rouf Library | General Stacks | 10/02/2017 | IPDC | 80.00 | 891.4435 IQB 2007 | 1300 | 10/02/2017 | C-1 | Books |